000 00923nam a22002891 4500
001 74805
003 BD-RjUL
005 20211209082615.0
008 871015s1952 enkab b f000 0 eng
035 _a(BD-RjUL)75023
040 _aDLC/ICU
_cICU
_dDLC
_dBD-RjUL
_beng
041 _aeng
043 _ae-uk---
082 _a912.15515
_bGRC 1952
110 1 _aGreat Britain.
_bMeteorological Office.
_9225680
245 1 0 _aClimatological atlas of the British Isles /
_cGreat Britain. Meteorological Office.
260 _aLondon:
_bH.M. Stationery Off.,
_c1952.
300 _aiv, 139 p.
_billus., maps (part col.)
_c31 cm.
490 1 _aIts [Publication official] M.O.
_v488
500 _aAt head of title: Air Ministry.
504 _aIncludes bibliographies.
651 0 _aGreat Britain
_xClimate.
_9225681
830 0 _aMet. O. ;
_v488.
_9225683
942 _2ddc
_cBK
999 _c74805
_d74805